| 000 | 00701nam a22001937a 4500 | ||
|---|---|---|---|
| 003 | BD-DhUL | ||
| 005 | 20220412142135.0 | ||
| 008 | 220412s1937 ii ||||| |||| 00| 0 urd d | ||
| 040 |
_aBD-DhUL _cBD-DhUL |
||
| 082 |
_a954 _bSYT |
||
| 100 | 0 |
_aسید ہاشمی۔ _q[Syed Hashmi]. |
|
| 245 | 0 | 0 |
_aتاریخ ہند : حصۂ ۱،۲،۳ : براے میڑک : _b(طبع ششم) / _cسید ہاشمی۔ |
| 246 | _aTareekh-e-Hind. | ||
| 260 |
_aحیدرآباد دکن : _bدار الطبع جامعہ عثمانیہ، _c۱۹۳۷۔ |
||
| 300 |
_aحصۂ ۱،۲،۳ ؛ _c۲۴ سم۔ |
||
| 490 | 0 | _aسلسلۂ نصاب تعلیم جامعۂ عثمانیہ | |
| 650 | 4 |
_aIndia _vHistory. |
|
| 942 |
_2ddc _cBK |
||
| 999 |
_c255825 _d255825 |
||